000 01316nam0a22002531 4500
001 rc\2814381
005 20250806211026.0
035 _a(NLR Aleph) 006940167
090 _a37124
_c37124
100 _a20110915d1945 u y0rusy50 ca
101 0 _arus
102 _aRU
105 _ay z |||||
200 1 _aПостановление 1 Украинской республиканской конференции Профсоюза рабочих лесопильной и деревообрабатывающей промышленности центральных и южных районов по отчетному докладу Оргбюро ЦК Профсоюза по УССР о работе 15-16 января 1945 г.
210 _aКиев
_cКиевск. обл. тип.
_d1945
215 _a20 с., без обл.
_d14 см.
710 0 2 _aСоюз рабочих лесопильной и деревообрабатывающей промышленности центральных и южных районов СССР
_bУкраинская конф-ция
_d1
_f1945
_eКиев
801 0 _aRU
_bNLR
_gpsbo
801 1 _aRU
_bELAR
_2rusmarc
852 _aNLR
_jИр70 Г-2/103
942 _cBOOK
945 _aРоссийская национальная библиотека
980 _aNB
980 _aBV